000
00359nam a2200169Ia 4500
003
0100
008
130303s9999 xx 000 0 und d
040
_c
ARRUPELIB
050
_a
K246.P451977
100
_a
Dworkin, R.M
245
4
_a
The Philosophy of Law
260
_a
Hong Kong
260
_b
Oxford UP
260
_C
1977
300
_a
176p
942
0
0
_0
1
999
_c
28379
_d
28379